000 00799nam a2200217 a 4500
005 20191224041806.0
008 160215s2006 ck a gr|||| 000 0 spa d
040 _aCO-BoIAVH
_cCO-BoIAVH
041 0 _aspa
044 _ack
082 0 4 _a363.78
_bC75g
110 2 _bConsejo Seccional de Plaguicidas del Departamento de Antioquia
245 1 0 _aGuía para el manejo de plagas caseras, residenciales, industrias de alimentos y otras
260 _aMedellín :
_bConsejo Seccional de Plaguicidas del Departamento de Antioquia,
_c2006.
300 _a37 páginas :
_bIlustraciones (algunas a color),
_c22 x 15 cm.
650 1 6 _aManejo de plagas
650 2 6 _aControl de insectos
650 2 6 _aRoedores
650 2 6 _aManejo de residuos tóxicos
942 _cLIBRO
_2ddc
999 _c5504
_d5504